[Event "Canarias-chT"]
[Site "Fuerteventura"]
[Date "2012.06.09"]
[Round "5.4"]
[White "Medina Plasencia, Santiago"]
[Black "Pizarro Segura, Eduardo"]
[Result "0-1"]
[WhiteElo "1997"]
[BlackElo "2095"]
[PlyCount "68"]
[EventDate "2012.06.07"]
[EventType "team-tourn"]
[EventRounds "7"]
[EventCountry "ESP"]
[SourceTitle "CBM 148 Extra"]
[Source "ChessBase"]
[SourceDate "2012.06.22"]
[SourceVersion "1"]
[SourceVersionDate "2012.06.22"]
[SourceQuality "1"]
[WhiteTeam "El Sauzal"]
[BlackTeam "La Palma CajaCanarias"]
[WhiteTeamCountry "ESP"]
[BlackTeamCountry "ESP"]

1. d4 Nf6 2. c4 e6 3. Nc3 d5 4. cxd5 exd5 5. Bg5 Be7 6. e3 Nbd7 7. Bd3 0-0 8. Nge2 Re8 9. Qc2 c6 10. 0-0 Nf8 11. f3 g6 12. Rad1 Ne6 13. Bh4 Qc7 14. Kh1 Bd7 15. e4 dxe4 16. Nxe4 Nxe4 17. Bxe7 Rxe7 18. fxe4 Rae8 19. Bc4 Nd8 20. Ng3 Be6 21. e5 Bd5 22. Ne4 Bxe4 23. Qxe4 Ne6 24. Rf6 Rd8 25. Rd3 b5 26. Bb3 Kg7 27. Qh4 Nf8 28. Rdf3 Rdd7 29. Rh3 h5 30. Rhf3 c5 31. d5 Qxe5 32. Rf1 c4 33. Bc2 Rxd5 34. Qf2 Rdd7 0-1

[Event "Palma de Mallorca op 4th"]
[Site "Palma de Mallorca"]
[Date "2009.11.24"]
[Round "5"]
[White "Pizarro Segura, Eduardo"]
[Black "Pol Guiscafre, David"]
[Result "1/2-1/2"]
[WhiteElo "2134"]
[BlackElo "1986"]
[PlyCount "44"]
[EventDate "2009.11.21"]
[EventType "swiss"]
[EventRounds "9"]
[EventCountry "ESP"]
[SourceTitle "EXT 2011"]
[Source "ChessBase"]
[SourceDate "2010.11.26"]
[SourceVersion "1"]
[SourceVersionDate "2010.11.26"]
[SourceQuality "1"]

1. d4 d5 2. Nf3 Nf6 3. Bg5 c6 4. Nbd2 Bf5 5. e3 e6 6. Bd3 Bxd3 7. cxd3 Be7 8. 0-0 0-0 9. Ne5 Ne8 10. Bf4 f5 11. Qb3 Nd6 12. Ndf3 Qb6 13. Ng5 Bxg5 14. Bxg5 Nf7 15. Bf4 g5 16. Bg3 Qxb3 17. axb3 Nd7 18. h4 h6 19. hxg5 hxg5 20. Rfd1 Rac8 21. Rac1 Nfxe5 22. dxe5 Nc5 1/2-1/2

[Event "Palma de Mallorca op 4th"]
[Site "Palma de Mallorca"]
[Date "2009.11.22"]
[Round "3"]
[White "Pizarro Segura, Eduardo"]
[Black "Escofet Llongueras, Joan"]
[Result "1-0"]
[WhiteElo "2134"]
[BlackElo "1865"]
[PlyCount "51"]
[EventDate "2009.11.21"]
[EventType "swiss"]
[EventRounds "9"]
[EventCountry "ESP"]
[SourceTitle "EXT 2011"]
[Source "ChessBase"]
[SourceDate "2010.11.26"]
[SourceVersion "1"]
[SourceVersionDate "2010.11.26"]
[SourceQuality "1"]

1. d4 Nf6 2. Bg5 d5 3. Nf3 Bg4 4. Nbd2 Nbd7 5. e3 h6 6. Bh4 Ne4 7. Nxe4 dxe4 8. h3 Bh5 9. g4 Bg6 10. Nd2 c5 11. c3 cxd4 12. exd4 Qb6 13. Nc4 Qc6 14. Rg1 e6 15. Qb3 a6 16. Rd1 b5 17. Ne3 Nb6 18. d5 exd5 19. Nxd5 Nxd5 20. Rxd5 f6 21. Rxb5 Bd6 22. Qe6+ Kf8 23. Rd5 Rd8 24. Bg3 Bf7 25. Rxd6 Bxe6 26. Rxc6 1-0

[Event "El Sauzal op 9th"]
[Site "El Sauzal"]
[Date "2008.11.02"]
[Round "9"]
[White "Pogorelov, Ruslan"]
[Black "Pizarro Segura, Eduardo"]
[Result "1-0"]
[WhiteElo "2441"]
[BlackElo "2123"]
[PlyCount "43"]
[EventDate "2008.11.01"]
[EventType "swiss (rapid)"]
[EventRounds "9"]
[EventCountry "ESP"]
[SourceTitle "CBM 127 Extra"]
[Source "ChessBase"]
[SourceDate "2009.01.08"]
[SourceVersion "2"]
[SourceVersionDate "2009.01.28"]
[SourceQuality "1"]

1. Nf3 d5 2. d4 Nf6 3. c4 e6 4. Nc3 c6 5. e3 Nbd7 6. Qc2 Be7 7. Bd3 0-0 8. 0-0 h6 9. Rd1 Re8 10. e4 dxe4 11. Nxe4 Nxe4 12. Bxe4 Qc7 13. b3 b6 14. Bb2 Bb7 15. c5 bxc5 16. dxc5 Nxc5 17. Bh7+ Kh8 18. b4 f5 19. Bg6 Ne4 20. Bxe8 Rxe8 21. Ne5 Bxb4 22. Rd7 1-0

[Event "El Sauzal op 9th"]
[Site "El Sauzal"]
[Date "2008.11.01"]
[Round "4"]
[White "Paunovic, Dragan"]
[Black "Pizarro Segura, Eduardo"]
[Result "1-0"]
[WhiteElo "2532"]
[BlackElo "2123"]
[PlyCount "58"]
[EventDate "2008.11.01"]
[EventType "swiss (rapid)"]
[EventRounds "9"]
[EventCountry "ESP"]
[SourceTitle "CBM 127 Extra"]
[Source "ChessBase"]
[SourceDate "2009.01.08"]
[SourceVersion "2"]
[SourceVersionDate "2009.01.28"]
[SourceQuality "1"]

1. c4 e6 2. g3 Nf6 3. Bg2 c5 4. Nf3 Nc6 5. 0-0 Be7 6. Nc3 0-0 7. d4 d6 8. d5 Nb8 9. h3 e5 10. a3 h6 11. b4 b6 12. bxc5 bxc5 13. Nxe5 dxe5 14. d6 Bxd6 15. Bxa8 Bxh3 16. Bg2 Qd7 17. Nd5 Nxd5 18. Bxh3 Qxh3 19. Qxd5 Bc7 20. Be3 Nd7 21. Rfd1 Nf6 22. Qg2 Qg4 23. Bxc5 Rc8 24. Bxa7 Qxe2 25. Be3 Rb8 26. Rab1 Rxb1 27. Rxb1 e4 28. Qf1 Qf3 29. Qg2 Qe2 1-0

[Event "El Sauzal op 9th"]
[Site "El Sauzal"]
[Date "2008.11.01"]
[Round "5"]
[White "Pizarro Segura, Eduardo"]
[Black "Zozulia, Anna"]
[Result "0-1"]
[WhiteElo "2123"]
[BlackElo "2380"]
[PlyCount "44"]
[EventDate "2008.11.01"]
[EventType "swiss (rapid)"]
[EventRounds "9"]
[EventCountry "ESP"]
[SourceTitle "CBM 127 Extra"]
[Source "ChessBase"]
[SourceDate "2009.01.08"]
[SourceVersion "2"]
[SourceVersionDate "2009.01.28"]
[SourceQuality "1"]

1. d4 g6 2. Nf3 Bg7 3. Bg5 c5 4. e3 Qb6 5. Qc1 cxd4 6. exd4 Bxd4 7. Nxd4 Qxd4 8. Bd3 Qe5+ 9. Be3 Nf6 10. 0-0 0-0 11. Re1 Ng4 12. Bf4 Qc5 13. Qd2 e5 14. h3 exf4 15. hxg4 Qg5 16. Nc3 d5 17. Be2 Be6 18. g3 Nc6 19. Qxf4 Qxf4 20. gxf4 Rfd8 21. Bd1 Rac8 22. Rc1 h5 0-1

[Event "Bajada de la Virgen op 3rd"]
[Site "Santa Cruz de La Palma"]
[Date "2005.06.17"]
[Round "7"]
[White "Vehi Bach, Victor Manuel"]
[Black "Pizarro Segura, Eduardo"]
[Result "1-0"]
[WhiteElo "2425"]
[BlackElo "2173"]
[PlyCount "75"]
[EventDate "2005.06.13"]
[EventType "swiss"]
[EventRounds "9"]
[EventCountry "ESP"]
[SourceTitle "CBM 106 Extra"]
[Source "ChessBase"]
[SourceDate "2005.07.01"]
[SourceVersion "1"]
[SourceVersionDate "2005.07.01"]
[SourceQuality "1"]

1. e4 d6 2. d4 Nf6 3. Nc3 g6 4. Be3 c6 5. Qd2 Qa5 6. h3 Nbd7 7. Nf3 Bg7 8. Bd3 0-0 9. 0-0 Re8 10. a4 e5 11. Rfe1 Nf8 12. Rad1 Ne6 13. dxe5 dxe5 14. Bc4 Rd8 15. Qe2 Nh5 16. Ng5 Nhf4 17. Bxf4 exf4 18. Rxd8+ Qxd8 19. Nxe6 Bxe6 20. Bxe6 fxe6 21. Qg4 Qf6 22. Rd1 h5 23. Qf3 Rf8 24. Rd3 Qg5 25. Rd7 Rf7 26. Rxf7 Kxf7 27. Ne2 Be5 28. g3 Ke7 29. Nxf4 Bxf4 30. Qxf4 Qxf4 31. gxf4 Kd6 32. Kg2 b5 33. axb5 cxb5 34. b4 a5 35. bxa5 b4 36. Kg3 Kc5 37. Kh4 Kb5 38. Kg5 1-0

[Event "El Sauzal op 5th"]
[Site "El Sauzal"]
[Date "2004.11.06"]
[Round "2"]
[White "Pizarro Segura, Eduardo"]
[Black "Moskalenko, Viktor"]
[Result "0-1"]
[WhiteElo "2119"]
[BlackElo "2551"]
[PlyCount "45"]
[EventDate "2004.11.06"]
[EventType "swiss (rapid)"]
[EventRounds "9"]
[EventCountry "ESP"]
[SourceTitle "CBM 103 Extra"]
[Source "ChessBase"]
[SourceDate "2005.01.01"]
[SourceVersion "1"]
[SourceVersionDate "2005.01.01"]
[SourceQuality "1"]

1. d4 g6 2. Nf3 Bg7 3. g3 d6 4. Bg2 f5 5. c3 Nf6 6. Qb3 c6 7. Nbd2 d5 8. Ne5 Nbd7 9. Ndf3 Nxe5 10. Nxe5 Nd7 11. Bf4 Nxe5 12. Bxe5 Bxe5 13. dxe5 Qb6 14. Qxb6 axb6 15. Kd2 Be6 16. a3 Ra4 17. f4 d4 18. cxd4 Rxd4+ 19. Kc3 Ra4 20. Rhd1 b5 21. Rd4 Rxd4 22. Kxd4 Kd7 23. e4 0-1

[Event "Catalunya-chT"]
[Site "Spain"]
[Date "2004.??.??"]
[Round "?"]
[White "Rios Parra, Alejandro"]
[Black "Pizarro Segura, Eduardo"]
[Result "1-0"]
[WhiteElo "2331"]
[BlackElo "2144"]
[PlyCount "89"]
[EventDate "2004.??.??"]
[EventType "team"]
[EventRounds "9"]
[EventCountry "ESP"]
[SourceTitle "EXT 2007"]
[Source "ChessBase"]
[SourceDate "2006.11.23"]
[SourceVersion "1"]
[SourceVersionDate "2006.11.23"]
[SourceQuality "1"]

1. e4 e5 2. Nf3 Nc6 3. Bc4 Be7 4. d4 d6 5. 0-0 Nf6 6. d5 Nb8 7. Bd3 Nbd7 8. c4 0-0 9. Nc3 a5 10. h3 h6 11. Be3 b6 12. a3 Nc5 13. Bc2 a4 14. Bxc5 bxc5 15. Bxa4 Rxa4 16. Qxa4 Nh5 17. b4 f5 18. exf5 Rxf5 19. Qd1 Nf4 20. Ne4 Qe8 21. Nfd2 Qg6 22. Qg4 Qe8 23. Ng3 Rg5 24. Qf3 h5 25. Nde4 Rg6 26. bxc5 h4 27. cxd6 cxd6 28. Rab1 Ba6 29. Rfc1 Qd7 30. Rb6 Bc8 31. Rcb1 Kh7 32. R1b4 Qa7 33. Kh2 hxg3+ 34. fxg3 Bg4 35. hxg4 Rh6+ 36. Kg1 Bd8 37. gxf4 Bxb6+ 38. Kf1 Ba5 39. fxe5 Rh1+ 40. Ke2 Bxb4 41. axb4 dxe5 42. Qf5+ Kh8 43. Qf8+ Kh7 44. Ng5+ Kh6 45. Nf7+ 1-0

[Event "Barcelona Sants op 03rd"]
[Site "Barcelona"]
[Date "2001.??.??"]
[Round "?"]
[White "Pizarro Segura, Eduardo"]
[Black "Tardio Fran, Emilio"]
[Result "1-0"]
[WhiteElo "2183"]
[BlackElo "2001"]
[PlyCount "73"]
[EventDate "2001.08.??"]
[EventType "swiss"]
[EventRounds "9"]
[EventCountry "ESP"]
[SourceTitle "EXT 2005"]
[Source "ChessBase"]
[SourceDate "2004.11.15"]
[SourceVersion "1"]
[SourceVersionDate "2004.11.15"]
[SourceQuality "1"]

1. d4 b5 2. Nf3 Bb7 3. e3 a6 4. Nbd2 Nf6 5. Bd3 e6 6. c4 b4 7. Qc2 c5 8. 0-0 Nc6 9. Nb3 d6 10. Rd1 Qc7 11. e4 e5 12. d5 Ne7 13. a3 bxa3 14. Rxa3 Ng6 15. Na5 Be7 16. Qa4+ Nd7 17. Bd2 0-0 18. Rda1 Nf4 19. Qc2 f5 20. exf5 Nf6 21. Bxf4 exf4 22. Ng5 Qd7 23. Ne6 Rfe8 24. Nxf4 Bd8 25. Ne6 Nxd5 26. cxd5 Bxd5 27. Bc4 Bxc4 28. Nxc4 d5 29. Nxd8 Qxd8 30. Ne3 d4 31. Qc4+ Kh8 32. Nf1 Qb6 33. Rxa6 Rxa6 34. Rxa6 Qxb2 35. Qxc5 Qe2 36. Re6 Rxe6 37. Qf8# 1-0

[Event "Barcelona Sants op 03rd"]
[Site "Barcelona"]
[Date "2001.??.??"]
[Round "?"]
[White "Pujol Clua, Ramon"]
[Black "Pizarro Segura, Eduardo"]
[Result "0-1"]
[WhiteElo "2015"]
[BlackElo "2183"]
[PlyCount "81"]
[EventDate "2001.08.??"]
[EventType "swiss"]
[EventRounds "9"]
[EventCountry "ESP"]
[SourceTitle "EXT 2005"]
[Source "ChessBase"]
[SourceDate "2004.11.15"]
[SourceVersion "1"]
[SourceVersionDate "2004.11.15"]
[SourceQuality "1"]

1. d4 c5 2. Nf3 Nf6 3. g3 g6 4. Bg2 cxd4 5. 0-0 Nc6 6. Nxd4 Bg7 7. Nc3 0-0 8. Nxc6 bxc6 9. e4 Qa5 10. Re1 d6 11. e5 dxe5 12. Bxc6 Bg4 13. Bf3 Rfd8 14. Qe2 Bxf3 15. Qxf3 e4 16. Qe2 Rab8 17. Nxe4 Nxe4 18. Qxe4 e6 19. c3 Rd5 20. Qc2 h5 21. Be3 h4 22. Rad1 h3 23. b4 Rxd1 24. Rxd1 Qh5 25. f4 Rc8 26. Bd4 Qf3 27. Qd2 Rxc3 28. Bxc3 Bxc3 29. Qc2 Bxb4 30. Rd8+ Kh7 31. Rc8 Ba5 32. Rb8 Bb6+ 33. Rxb6 axb6 34. Qd2 b5 35. Qc2 b4 36. Qd2 Qc3 37. Qe2 Qd4+ 38. Kf1 Qd5 39. Kg1 Qc5+ 40. Kf1 Qc6 41. Kg1 0-1

[Event "Barcelona Sants op 03rd"]
[Site "Barcelona"]
[Date "2001.??.??"]
[Round "?"]
[White "Roig Ruiz, Carles"]
[Black "Pizarro Segura, Eduardo"]
[Result "1-0"]
[WhiteElo "2011"]
[BlackElo "2183"]
[PlyCount "34"]
[EventDate "2001.08.??"]
[EventType "swiss"]
[EventRounds "9"]
[EventCountry "ESP"]
[SourceTitle "EXT 2005"]
[Source "ChessBase"]
[SourceDate "2004.11.15"]
[SourceVersion "1"]
[SourceVersionDate "2004.11.15"]
[SourceQuality "1"]

1. d4 Nf6 2. c4 e6 3. Nc3 d5 4. Bg5 Be7 5. e3 Nbd7 6. Nf3 c6 7. Rc1 0-0 8. Bd3 Re8 9. 0-0 dxc4 10. Bxc4 b5 11. Bd3 Bb7 12. e4 h6 13. Bh4 b4 14. e5 bxc3 15. exf6 cxb2 16. fxe7 bxc1Q 17. exd8Q Qxd1 1-0

[Event "ESP Ronda op"]
[Site "Spain"]
[Date "1998.??.??"]
[Round "?"]
[White "Galje, Hans"]
[Black "Pizarro Segura, Eduardo"]
[Result "1-0"]
[WhiteElo "2110"]
[BlackElo "2255"]
[PlyCount "79"]
[EventDate "1998.??.??"]
[EventType "swiss"]
[EventRounds "9"]
[EventCountry "ESP"]
[SourceTitle "EXT 2003"]
[Source "ChessBase"]
[SourceDate "2002.11.25"]
[SourceVersion "1"]
[SourceVersionDate "2002.11.25"]
[SourceQuality "1"]

1. d4 Nf6 2. c4 e6 3. Nc3 Bb4 4. e3 c5 5. Nge2 0-0 6. a3 Bxc3+ 7. Nxc3 d6 8. Bd3 Nc6 9. 0-0 Qe7 10. Bc2 Rd8 11. Qd3 g6 12. Rd1 b6 13. Rb1 Bb7 14. b4 cxd4 15. exd4 e5 16. d5 Nd4 17. Bg5 h6 18. Be3 Nxc2 19. Qxc2 Rac8 20. Qe2 Kh7 21. Rbc1 Ba6 22. b5 Bb7 23. Na2 Nd7 24. Nb4 f5 25. Nc6 Bxc6 26. dxc6 Nf6 27. a4 g5 28. f3 g4 29. Bf2 e4 30. Bh4 gxf3 31. gxf3 Qe5 32. Kh1 Re8 33. Bxf6 Qxf6 34. Rd5 e3 35. Rcd1 Re6 36. Qd3 Rg8 37. Qxf5+ Qxf5 38. Rxf5 e2 39. Re1 Reg6 40. Rf7+ 1-0

[Event "Benasque op 18th"]
[Site "Benasque"]
[Date "1998.??.??"]
[Round "?"]
[White "Pizarro Segura, Eduardo"]
[Black "Spassov, Liuben"]
[Result "0-1"]
[WhiteElo "2225"]
[BlackElo "2440"]
[PlyCount "97"]
[EventDate "1998.07.??"]
[EventType "swiss"]
[EventRounds "9"]
[EventCountry "ESP"]
[SourceTitle "EXT 2002"]
[Source "ChessBase"]
[SourceDate "2001.11.25"]
[SourceVersion "1"]
[SourceVersionDate "2001.11.25"]
[SourceQuality "1"]

1. d4 Nf6 2. Nf3 e6 3. Bg5 h6 4. Bxf6 Qxf6 5. e4 d6 6. Bd3 Nd7 7. Nbd2 e5 8. c3 c6 9. Qe2 Be7 10. h3 Bd8 11. 0-0-0 Bc7 12. Kb1 a6 13. Bc2 b5 14. Nf1 0-0 15. Ne3 Re8 16. d5 c5 17. g4 g6 18. g5 Qh8 19. gxh6 Nf6 20. Rdg1 Kf8 21. Ng4 Nh5 22. Qe3 Bd8 23. Ng5 Nf4 24. h4 Bxg4 25. Rxg4 Qxh6 26. Rhg1 Bxg5 27. hxg5 Qh8 28. Qf3 Ke7 29. Rh1 Qg7 30. b4 Rac8 31. Rgh4 Nh5 32. Qe3 Rc7 33. Bd1 Nf4 34. Rh7 Qf8 35. Bg4 Kd8 36. Qf3 Qe7 37. Rh8 Qxg5 38. bxc5 Rxc5 39. Rxe8+ Kxe8 40. Rh8+ Ke7 41. Ra8 Rc7 42. Rxa6 Qh4 43. Kb2 Qxf2+ 44. Qxf2 Nd3+ 45. Kb3 Nxf2 46. Bf3 f5 47. exf5 gxf5 48. Rb6 e4 49. Be2 0-1

[Event "ESP Ronda op"]
[Site "Spain"]
[Date "1998.??.??"]
[Round "?"]
[White "Vinas Racionero, Josep Claudi"]
[Black "Pizarro Segura, Eduardo"]
[Result "1/2-1/2"]
[WhiteElo "2065"]
[BlackElo "2255"]
[PlyCount "59"]
[EventDate "1998.??.??"]
[EventType "swiss"]
[EventRounds "9"]
[EventCountry "ESP"]
[SourceTitle "EXT 2003"]
[Source "ChessBase"]
[SourceDate "2002.11.25"]
[SourceVersion "1"]
[SourceVersionDate "2002.11.25"]
[SourceQuality "1"]

1. d4 Nf6 2. Nf3 e6 3. c4 b6 4. g3 Bb7 5. Bg2 Be7 6. 0-0 0-0 7. Nc3 Ne4 8. d5 Nxc3 9. bxc3 d6 10. e4 e5 11. Qc2 Nd7 12. Be3 c6 13. Nd2 cxd5 14. cxd5 Bg5 15. f4 Bf6 16. f5 Bg5 17. Rae1 Rc8 18. Nf3 Bxe3+ 19. Rxe3 Qc7 20. h3 f6 21. Kh2 Qc5 22. Rfe1 Ba6 23. g4 Rc7 24. g5 Rfc8 25. gxf6 Nxf6 26. Qd2 Qa5 27. Rc1 h6 28. Nh4 Rc4 29. Rc2 Qa4 30. Rg3 1/2-1/2

[Event "Sitges op"]
[Site "Sitges"]
[Date "1997.??.??"]
[Round "5"]
[White "Magem Badals, Jordi"]
[Black "Pizarro Segura, Eduardo"]
[Result "1-0"]
[WhiteElo "2570"]
[BlackElo "2220"]
[PlyCount "63"]
[EventDate "1997.??.??"]
[EventType "swiss"]
[EventRounds "9"]
[EventCountry "ESP"]
[SourceTitle "EXT 1999"]
[Source "ChessBase"]
[SourceDate "1998.11.16"]
[SourceVersion "1"]
[SourceVersionDate "1998.11.16"]
[SourceQuality "1"]

1. e4 e5 2. Nf3 Nc6 3. Bb5 a6 4. Bxc6 dxc6 5. 0-0 Bg4 6. h3 h5 7. d3 Qf6 8. Nbd2 Ne7 9. Re1 Ng6 10. d4 Bd6 11. hxg4 hxg4 12. Nh2 Rxh2 13. Qxg4 Qh4 14. Qxh4 Rxh4 15. Nf3 Rh5 16. Be3 0-0-0 17. g3 f5 18. exf5 Rxf5 19. Kg2 e4 20. Ng5 Re8 21. Bd2 Rd5 22. Nxe4 Kd7 23. c3 c5 24. dxc5 Bxc5 25. c4 Rde5 26. Nxc5+ Rxc5 27. b3 Rxe1 28. Rxe1 b5 29. Bb4 Rc6 30. Re4 bxc4 31. bxc4 Rb6 32. Bc3 1-0

[Event "Linares Anibal op 03rd"]
[Site "Linares"]
[Date "1996.??.??"]
[Round "?"]
[White "Lputian, Smbat G"]
[Black "Pizarro Segura, Eduardo"]
[Result "1-0"]
[WhiteElo "2580"]
[BlackElo "2230"]
[PlyCount "49"]
[EventDate "1996.01.??"]
[EventType "swiss"]
[EventRounds "10"]
[EventCountry "ESP"]
[SourceTitle "CBM 051 Extra"]
[Source "ChessBase"]
[SourceDate "1996.05.01"]
[SourceVersion "1"]
[SourceVersionDate "1996.05.01"]
[SourceQuality "1"]

1. d4 Nf6 2. c4 e6 3. Nf3 b6 4. a3 Bb7 5. Nc3 d5 6. Qc2 Be7 7. cxd5 exd5 8. Bf4 c6 9. e3 0-0 10. Bd3 Re8 11. g4 c5 12. g5 Ne4 13. Nxe4 dxe4 14. Bxe4 Bxe4 15. Qxe4 Nd7 16. Qd5 cxd4 17. Nxd4 Nc5 18. Qxd8 Raxd8 19. Rd1 Ne4 20. h4 Bc5 21. 0-0 Rd5 22. Nc6 Nd2 23. Kg2 Re4 24. Rfe1 Bxe3 25. Re2 1-0

[Event "Catalunya-ch"]
[Site "Barcelona"]
[Date "1996.??.??"]
[Round "1"]
[White "Pizarro Segura, Eduardo"]
[Black "Torrecillas Martinez, Antonio"]
[Result "0-1"]
[WhiteElo "2230"]
[BlackElo "2345"]
[PlyCount "70"]
[EventDate "1996.??.??"]
[EventType "swiss"]
[EventRounds "7"]
[EventCountry "ESP"]
[SourceTitle "EXT 2002"]
[Source "ChessBase"]
[SourceDate "2001.11.25"]
[SourceVersion "1"]
[SourceVersionDate "2001.11.25"]
[SourceQuality "1"]

1. e4 c5 2. Nf3 d6 3. Bb5+ Nd7 4. 0-0 Ngf6 5. Re1 e5 6. c3 Be7 7. d4 0-0 8. Nbd2 Qc7 9. Nf1 a6 10. Bxd7 Bxd7 11. dxe5 dxe5 12. Bg5 Bc6 13. Bxf6 Bxf6 14. Qc2 Rad8 15. Ne3 g6 16. c4 Bg7 17. Red1 h6 18. Nd5 Bxd5 19. Rxd5 Rxd5 20. cxd5 Qd6 21. Nd2 b5 22. a4 Rc8 23. b3 Bf8 24. axb5 axb5 25. Ra5 Qb6 26. Qa2 c4 27. bxc4 bxc4 28. Ra7 Qd4 29. h4 Bc5 30. Nf3 Qxe4 31. Ra8 Rxa8 32. Qxa8+ Kg7 33. Qc6 Bb4 34. Qb7 c3 35. Qc6 c2 0-1

[Event "Foment Martinenc op"]
[Site "Barcelona"]
[Date "1994.??.??"]
[Round "?"]
[White "Gimenez Izquierdo, Basili"]
[Black "Pizarro Segura, Eduardo"]
[Result "1/2-1/2"]
[WhiteElo "2125"]
[BlackElo "2235"]
[PlyCount "82"]
[EventDate "1994.??.??"]
[EventType "swiss"]
[EventRounds "9"]
[EventCountry "ESP"]
[SourceTitle "EXT 2003"]
[Source "ChessBase"]
[SourceDate "2002.11.25"]
[SourceVersion "1"]
[SourceVersionDate "2002.11.25"]
[SourceQuality "1"]

1. e4 e5 2. Nf3 Nc6 3. Bb5 a6 4. Ba4 Nf6 5. d3 d6 6. c3 Be7 7. h3 0-0 8. Be3 b5 9. Bb3 Na5 10. Bc2 c5 11. Nbd2 Qc7 12. g4 Bb7 13. g5 Nd7 14. Rg1 c4 15. d4 d5 16. Nxe5 Nxe5 17. dxe5 dxe4 18. Bd4 Nc6 19. Nxe4 Nxd4 20. cxd4 Bxe4 21. Bxe4 Bb4+ 22. Kf1 Rad8 23. Rg4 g6 24. f4 c3 25. b3 c2 26. Qxc2 Qxc2 27. Bxc2 Rxd4 28. Rd1 Rxd1+ 29. Bxd1 Rd8 30. Be2 Rd2 31. a4 bxa4 32. bxa4 a5 33. h4 Rd4 34. f5 Rxg4 35. Bxg4 gxf5 36. Bxf5 Bc3 37. e6 fxe6 38. Bxe6+ Kg7 39. Kf2 Kh8 40. Kg3 Kg7 41. Kg4 h6 1/2-1/2